<?xml version="1.0" encoding="UTF-8"?>
<record
    xmlns:xsi="http://www.w3.org/2001/XMLSchema-instance"
    xsi:schemaLocation="http://www.loc.gov/MARC21/slim http://www.loc.gov/standards/marcxml/schema/MARC21slim.xsd"
    xmlns="http://www.loc.gov/MARC21/slim">

  <leader>01167cam a22002772  4500</leader>
  <controlfield tag="001">51334</controlfield>
  <controlfield tag="003">BD-RjUL</controlfield>
  <controlfield tag="005">20211209075637.0</controlfield>
  <controlfield tag="008">160830s1964    xx            000 0 ger u</controlfield>
  <datafield tag="035" ind1=" " ind2=" ">
    <subfield code="a">(BD-RjUL)51454</subfield>
  </datafield>
  <datafield tag="040" ind1=" " ind2=" ">
    <subfield code="c">YNG</subfield>
    <subfield code="d">OCL</subfield>
    <subfield code="d">HDC</subfield>
    <subfield code="d">EQO</subfield>
    <subfield code="a">BD-RjUL</subfield>
    <subfield code="b">eng</subfield>
  </datafield>
  <datafield tag="041" ind1=" " ind2=" ">
    <subfield code="a">eng</subfield>
  </datafield>
  <datafield tag="082" ind1=" " ind2=" ">
    <subfield code="a">515</subfield>
    <subfield code="b">POA 1964</subfield>
  </datafield>
  <datafield tag="090" ind1=" " ind2=" ">
    <subfield code="a">QA43</subfield>
    <subfield code="b">.P617 1964</subfield>
  </datafield>
  <datafield tag="100" ind1="1" ind2=" ">
    <subfield code="a">P&#xF3;lya, George,</subfield>
    <subfield code="d">1887-1985.</subfield>
    <subfield code="9">153543</subfield>
  </datafield>
  <datafield tag="245" ind1="0" ind2="0">
    <subfield code="a">Aufgaben und Lehrs&#xE4;tze aus der Analysis /</subfield>
    <subfield code="c">von G. P&#xF3;lya und G. Szeg&#xF6;.</subfield>
  </datafield>
  <datafield tag="250" ind1=" " ind2=" ">
    <subfield code="a">3. berichtigte Aufl.</subfield>
  </datafield>
  <datafield tag="260" ind1=" " ind2=" ">
    <subfield code="a">Berlin ;</subfield>
    <subfield code="a">New York :</subfield>
    <subfield code="b">Springer,</subfield>
    <subfield code="c">1964.</subfield>
  </datafield>
  <datafield tag="300" ind1=" " ind2=" ">
    <subfield code="a">xiv 338 p. ;</subfield>
    <subfield code="c">24 cm.</subfield>
  </datafield>
  <datafield tag="490" ind1="1" ind2=" ">
    <subfield code="a">Die Grundlehren der mathematischen Wissenschaften in Einzeldarstellungen,</subfield>
    <subfield code="v">Bd. 19-20</subfield>
  </datafield>
  <datafield tag="505" ind1="0" ind2=" ">
    <subfield code="a">1. Bd. Reihen. Integralrechnung. Funktionentheorie.--2. Bd. Funktionentheorie. Nullstellen. Polynome. Determinanten. Zahlentheorie.</subfield>
  </datafield>
  <datafield tag="650" ind1=" " ind2="0">
    <subfield code="a">Mathematical analysis</subfield>
    <subfield code="x">Problems, exercises, etc.</subfield>
    <subfield code="9">151337</subfield>
  </datafield>
  <datafield tag="700" ind1="1" ind2=" ">
    <subfield code="a">Szeg&#x151;, G&#xE1;bor,</subfield>
    <subfield code="d">1895-1985</subfield>
    <subfield code="9">153544</subfield>
  </datafield>
  <datafield tag="830" ind1=" " ind2="0">
    <subfield code="a">Grundlehren der mathematischen Wissenschaften in Einzeldarstellungen mit besonderer Ber&#xFC;cksichtigung der Anwendungsgebiete ;</subfield>
    <subfield code="v">Bd. 19-20.</subfield>
    <subfield code="9">151001</subfield>
  </datafield>
  <datafield tag="942" ind1=" " ind2=" ">
    <subfield code="2">ddc</subfield>
    <subfield code="c">BK</subfield>
  </datafield>
  <datafield tag="999" ind1=" " ind2=" ">
    <subfield code="c">51334</subfield>
    <subfield code="d">51334</subfield>
  </datafield>
  <datafield tag="952" ind1=" " ind2=" ">
    <subfield code="0">0</subfield>
    <subfield code="1">0</subfield>
    <subfield code="2">ddc</subfield>
    <subfield code="4">0</subfield>
    <subfield code="7">0</subfield>
    <subfield code="8">NFIC</subfield>
    <subfield code="a">RUCL</subfield>
    <subfield code="b">RUCL</subfield>
    <subfield code="c">Stack</subfield>
    <subfield code="d">1968-12-30</subfield>
    <subfield code="e">Zeitlinger</subfield>
    <subfield code="g">326.40</subfield>
    <subfield code="l">0</subfield>
    <subfield code="o">515 POA 1964</subfield>
    <subfield code="r">2016-08-30 00:00:00</subfield>
    <subfield code="t">C-2</subfield>
    <subfield code="w">2016-08-30</subfield>
    <subfield code="y">BK</subfield>
  </datafield>
  <datafield tag="952" ind1=" " ind2=" ">
    <subfield code="0">0</subfield>
    <subfield code="1">0</subfield>
    <subfield code="2">ddc</subfield>
    <subfield code="4">0</subfield>
    <subfield code="7">0</subfield>
    <subfield code="8">NFIC</subfield>
    <subfield code="a">RUCL</subfield>
    <subfield code="b">RUCL</subfield>
    <subfield code="c">Stack</subfield>
    <subfield code="d">1968-12-30</subfield>
    <subfield code="e">Zeitlinger</subfield>
    <subfield code="g">326.40</subfield>
    <subfield code="l">0</subfield>
    <subfield code="o">515 POA 1964</subfield>
    <subfield code="r">2016-08-30 00:00:00</subfield>
    <subfield code="t">C-3</subfield>
    <subfield code="w">2016-08-30</subfield>
    <subfield code="y">BK</subfield>
  </datafield>
</record>
